The Dutch floriculture sector.
| Format: | Book |
|---|---|
| Published: |
EK The Hague:
Ministry of Agriculture, Nature Management and Fisheries,
2000.
|
| Subjects: |
| LEADER | 00419cam a2200133 7i4500 | ||
|---|---|---|---|
| 001 | 0000013239 | ||
| 005 | 20040118090000.0 | ||
| 090 | 0 | 0 | |a P 635.9 |b DUT |
| 245 | 0 | 0 | |a The Dutch floriculture sector. |
| 260 | 0 | 0 | |a EK The Hague: |b Ministry of Agriculture, Nature Management and Fisheries, |c 2000. |
| 300 | # | # | |a 20 p. |
| 650 | 0 | 0 | |a Floriculture -- |z Netherlands |
| 651 | 0 | 0 | |a Netherlands |
| 999 | |a 0000012294 |b Book |c Book |e Business Information Centre | ||